| 000 | 00511nam a2200169 a 4500 | ||
|---|---|---|---|
| 005 | 20140310183343.0 | ||
| 008 | 070115s19uu xx 00 eng d | ||
| 020 | _a1402711481 | ||
| 050 |
_aNC 760 _b.Ar784 2004 |
||
| 245 |
_aArt of drawing the human body / _cFankbonner, Edgar Loy, translated by |
||
| 260 |
_aNew York : _bSterling Publishing Co., Inc, _c2003. |
||
| 300 |
_a159 p. : _bill. (some col.) ; _c28 cm. |
||
| 521 | _aMA | ||
| 650 |
_aAnatomy _xArtistic. |
||
| 942 |
_cBK _2lcc _kFOR |
||
| 999 |
_c21871 _d21871 |
||